[Event "Nis op"]
[Site "Nis"]
[Date "2016.07.02"]
[Round "5"]
[White "Djordjevic, Lazar"]
[Black "Baroudas, Ioannis"]
[Result "1/2-1/2"]
[WhiteElo "2022"]
[BlackElo "1917"]
[PlyCount "66"]
[EventDate "2016.06.28"]
[EventType "swiss"]
[EventRounds "9"]
[EventCountry "YUG"]
[SourceTitle "CBM 173 Extra"]
[Source "ChessBase"]
[SourceDate "2016.08.29"]
[SourceVersion "1"]
[SourceVersionDate "2016.08.29"]
[SourceQuality "1"]

1. e4 e6 2. Nf3 d5 3. exd5 exd5 4. d4 Bd6 5. c4 Nf6 6. Be2 dxc4 7. Bxc4 0-0 8. 0-0 Bg4 9. h3 Bh5 10. Bg5 Nbd7 11. Nc3 c6 12. d5 Nb6 13. Bb3 cxd5 14. Nxd5 Nbxd5 15. Bxd5 h6 16. Bxf6 Qxf6 17. g4 Bg6 18. Qb3 Rab8 19. Rad1 Bc5 20. Kg2 Bb6 21. Qc3 Qf4 22. Ne5 Be4+ 23. f3 Bxd5 24. Rxd5 Rfe8 25. Re1 Rbc8 26. Qb3 Bc7 27. Re4 Bxe5 28. Rxf4 Bxf4 29. Rd7 Rf8 30. h4 Rc1 31. Rd4 Rfc8 32. Rxf4 R8c2+ 33. Kg3 Rg1+ 1/2-1/2

[Event "SRB-chT2 East"]
[Site "Vrnjacka Banja"]
[Date "2015.10.10"]
[Round "10.18"]
[White "Djordjevic, Lazar"]
[Black "Rajkovic, Aleksandar"]
[Result "1/2-1/2"]
[WhiteElo "1845"]
[BlackElo "2147"]
[PlyCount "84"]
[EventDate "2015.08.28"]
[EventType "team-tourn"]
[EventRounds "11"]
[EventCountry "SRB"]
[SourceTitle "EXT 2022"]
[Source "ChessBase"]
[SourceDate "2021.10.06"]
[SourceVersion "1"]
[SourceVersionDate "2021.10.06"]
[SourceQuality "1"]

1. e4 e5 2. Nf3 Nc6 3. Bb5 a6 4. Ba4 Nf6 5. 0-0 Be7 6. Re1 b5 7. Bb3 0-0 8. h3 d6 9. c3 Na5 10. Bc2 c5 11. d4 Qc7 12. dxe5 dxe5 13. Nbd2 Re8 14. Nf1 Bb7 15. Ng3 Rad8 16. Qe2 Bf8 17. Bg5 Qb6 18. Rad1 h6 19. Bxf6 Qxf6 20. Nf5 Nc4 21. a4 Rxd1 22. Rxd1 Nxb2 23. Rb1 Nc4 24. axb5 Na3 25. Rb3 c4 26. Rxa3 Bxa3 27. Qxc4 axb5 28. Qxb5 Bc6 29. Qa5 Bf8 30. Qc7 g6 31. Ne3 Qd6 32. Qb6 Qc5 33. Qxc5 Bxc5 34. Ng4 Kg7 35. Nfxe5 Bxe4 36. Bxe4 h5 37. Bc6 Re7 38. Nd3 hxg4 39. Nxc5 Rc7 40. hxg4 Rxc6 41. Ne4 Rc4 42. f3 f5 1/2-1/2

[Event "Nis op-B"]
[Site "Nis"]
[Date "2015.04.21"]
[Round "3"]
[White "Djordjevic, Lazar"]
[Black "Cvetkovski, Slobodan"]
[Result "1/2-1/2"]
[WhiteElo "1785"]
[BlackElo "1885"]
[PlyCount "240"]
[EventDate "2015.04.20"]
[EventType "swiss"]
[EventRounds "9"]
[EventCountry "SRB"]
[SourceTitle "CBM 166 Extra"]
[Source "ChessBase"]
[SourceDate "2015.06.18"]
[SourceVersion "1"]
[SourceVersionDate "2015.06.18"]
[SourceQuality "1"]

1. e4 e6 2. d4 d5 3. Nc3 Bb4 4. a3 Bxc3+ 5. bxc3 dxe4 6. Qg4 Nf6 7. Qxg7 Rg8 8. Qh6 Rg6 9. Qd2 c5 10. Bb2 Nc6 11. g3 Qa5 12. Bg2 b6 13. Ne2 Bb7 14. 0-0-0 cxd4 15. cxd4 Qxd2+ 16. Rxd2 Na5 17. Nf4 Rh6 18. Re2 0-0-0 19. h3 Kb8 20. g4 Rh4 21. d5 Nxd5 22. Nxd5 Rxd5 23. Bf6 Rh6 24. g5 Rg6 25. Bxe4 Rdxg5 26. Bxg5 Rxg5 27. Bxb7 Kxb7 28. Re4 Rf5 29. f4 Rh5 30. Rd1 Kc6 31. Rd3 Nb7 32. Re5 Rh4 33. Rf3 Nc5 34. Rg5 Kd6 35. Rg7 Ke7 36. Rg8 Kd6 37. Rd8+ Kc6 38. Ra8 a5 39. f5 e5 40. Rf8 e4 41. Re3 Kd5 42. Rxf7 Kd4 43. Kd2 Rf4 44. Rf8 Rf2+ 45. Re2 Rf3 46. Rh2 b5 47. f6 Ne6 48. Rf7 Ng5 49. Rd7+ Ke5 50. h4 Ne6 51. f7 Rxa3 52. Ke2 Rc3 53. Kd1 Rc8 54. Rf2 Rf8 55. Rb7 Nd4 56. Re7+ Ne6 57. Rb7 Nd4 58. c3 Nf3 59. Ke2 b4 60. cxb4 axb4 61. Ke3 Nxh4 62. Rb5+ Ke6 63. Kxe4 Ng6 64. Rxb4 Nh8 65. Rb6+ Ke7 66. Kd5 Rxf7 67. Re2+ Kf8 68. Rb8+ Kg7 69. Ree8 Ng6 70. Rg8+ Kf6 71. Rb2 Ra7 72. Rf2+ Kg5 73. Rg2+ Kf5 74. Kd4 Re7 75. Ra8 Re4+ 76. Kc3 Re7 77. Ra5+ Kf6 78. Rf2+ Kg7 79. Rg2 Rd7 80. Rh5 Kg8 81. Kc4 Kg7 82. Kc5 Ra7 83. Kd6 Ra6+ 84. Kd7 Ra7+ 85. Kc8 Ra8+ 86. Kb7 Re8 87. Rgh2 Re7+ 88. Kc8 Kg8 89. Kd8 Ra7 90. Rg5 Kg7 91. Rgh5 Kg8 92. Rg5 Kg7 93. Kc8 Ra8+ 94. Kb7 Re8 95. Kc7 Re7+ 96. Kd6 Ra7 97. Ke6 Re7+ 98. Kf5 Re5+ 99. Kg4 Re4+ 100. Kf3 Rf4+ 101. Kg3 Ra4 102. Rf2 Ra7 103. Rf3 Rb7 104. Rc3 Rf7 105. Rgc5 Kg8 106. Rc8+ Kg7 107. R3c7 h5 108. Rxf7+ Kxf7 109. Rc5 Ke6 110. Rxh5 Ne5 111. Kf4 Ng6+ 112. Ke4 Kf6 113. Ra5 Nh4 114. Kf4 Ng6+ 115. Ke4 Nh4 116. Rh5 Ng6 117. Rf5+ Ke6 118. Rf1 Ne7 119. Ra1 Kd6 120. Ra6+ Nc6 1/2-1/2

[Event "Nis Pantelej op 2nd"]
[Site "Nis"]
[Date "2014.08.06"]
[Round "5"]
[White "Djordjevic, Lazar"]
[Black "Bogdanovic, Dragan"]
[Result "1-0"]
[WhiteElo "1739"]
[BlackElo "1981"]
[PlyCount "127"]
[EventDate "2014.08.03"]
[EventType "swiss"]
[EventRounds "9"]
[EventCountry "SRB"]
[SourceTitle "CBM 162 Extra"]
[Source "ChessBase"]
[SourceDate "2014.10.17"]
[SourceVersion "1"]
[SourceVersionDate "2014.10.17"]
[SourceQuality "1"]

1. e4 d6 2. d4 Nf6 3. Nc3 g6 4. Nf3 Bg7 5. Be3 0-0 6. h3 c6 7. a4 Qa5 8. Qd2 e5 9. dxe5 dxe5 10. Rd1 Be6 11. Ng5 Re8 12. Nxe6 Rxe6 13. Bc4 Re8 14. 0-0 Nbd7 15. Qe2 Nf8 16. Rd6 Rad8 17. Rfd1 Rxd6 18. Rxd6 a6 19. Bg5 Qc5 20. Rxf6 Bxf6 21. Bxf6 Qd6 22. Qf3 Ne6 23. Bxe6 Rxe6 24. Bg5 Kg7 25. Qe3 Qd4 26. Qe2 Qb4 27. Qd2 Rd6 28. Bh6+ Kg8 29. Qg5 f6 30. Qg4 f5 31. Qg3 f4 32. Qg5 Qc5 33. Qg4 Kf7 34. Qc8 Rd2 35. Qxb7+ Ke6 36. Qc8+ Kf7 37. Qc7+ Ke6 38. Qc8+ Kf7 39. Kh1 Qxf2 40. Qf8+ Ke6 41. Qe8+ Kf6 42. Qxc6+ Ke7 43. Qb7+ Ke6 44. Qxa6+ Kf7 45. Qb7+ Ke6 46. Qc6+ Kf7 47. Qc7+ Ke6 48. Qc4+ Kd7 49. Qf7+ Kc6 50. Qe6+ Kb7 51. Qe7+ Kc8 52. Qe8+ Kb7 53. Qb5+ Kc8 54. Qc6+ Kb8 55. Qe8+ Kb7 56. Qe7+ Kc8 57. Qe6+ Kb7 58. Qg4 Rxc2 59. Qd7+ Kb6 60. Qb5+ Kc7 61. Qxe5+ Kd7 62. Qd5+ Ke7 63. Bg5+ Kf8 64. Qd8+ 1-0

[Event "Paracin-ch"]
[Site "Paracin"]
[Date "2014.01.18"]
[Round "8"]
[White "Zivkovic, Momcilo"]
[Black "Djordjevic, Lazar"]
[Result "1-0"]
[WhiteElo "2148"]
[BlackElo "1731"]
[PlyCount "99"]
[EventDate "2014.01.10"]
[EventType "swiss"]
[EventRounds "9"]
[EventCountry "SRB"]
[SourceTitle "CBM 158 Extra"]
[Source "ChessBase"]
[SourceDate "2014.02.28"]
[SourceVersion "1"]
[SourceVersionDate "2014.02.28"]
[SourceQuality "1"]

1. e4 d5 2. exd5 Qxd5 3. d4 Nf6 4. Nf3 Bg4 5. Be2 e6 6. 0-0 c5 7. c4 Qd8 8. Be3 cxd4 9. Bxd4 Nc6 10. Bxf6 Qxd1 11. Rxd1 gxf6 12. Nc3 a6 13. a3 Be7 14. b4 Ne5 15. c5 Nxf3+ 16. Bxf3 Bxf3 17. gxf3 a5 18. Nb5 Rc8 19. Kf1 Rg8 20. h4 f5 21. Rd3 Bxh4 22. Nd6+ Ke7 23. Nxc8+ Rxc8 24. Rad1 Rc7 25. b5 Rxc5 26. a4 Kf6 27. R1d2 Bg5 28. Rd1 Bh4 29. Rd4 Bg5 30. f4 Bh4 31. R1d2 Rc3 32. Rd7 Ra3 33. Rxb7 Rxa4 34. Rb2 Kg7 35. b6 Bf6 36. Rb3 Rxf4 37. Rd7 a4 38. Rb5 a3 39. Ra7 Bd4 40. Rxa3 Rxf2+ 41. Ke1 Rb2 42. Rxb2 Bxb2 43. Rb3 Be5 44. b7 Bb8 45. Rc3 h5 46. Rc8 Bg3+ 47. Kf1 Kf6 48. Kg2 Bd6 49. Kf3 e5 50. Rc6 1-0